[Event "Bielefelder SK 1 - SK Königsspringer Is"]
[Site "NRW-Klasse, Gruppe 1 2013/201"]
[Date "2014.03.09"]
[Round "7.7"]
[White "Naundorf, Maik"]
[Black "Danielmeier, Ralf"]
[Result "1/2-1/2"]
[WhiteElo "2105"]
[BlackElo "2023"]
[PlyCount "109"]
[EventDate "2014.??.??"]
[WhiteTeam "SK Königsspringer Iserlohn 1"]
[BlackTeam "Bielefelder SK 1"]

1. c4 Nf6 2. g3 g6 3. Bg2 d5 4. cxd5 Nxd5 5. Nc3 Nb6 6. d3 Bg7 7. Be3 Nc6 8.
Qd2 Nd4 9. Rc1 Nf5 10. Bc5 O-O 11. e3 Nd7 12. Ba3 Ne5 13. Rd1 Bh6 14. Qe2 Nd6
15. h3 c6 16. b3 Qa5 17. Bb2 Nb5 18. Qc2 Bf5 19. e4 Nd4 20. Qb1 Be6 21. Kf1 f5
22. f4 fxe4 23. dxe4 Rad8 24. Ke1 Nb5 25. Nge2 Rxd1+ 26. Kxd1 Qd8+ 27. Ke1 Nd3+
28. Kf1 Nxb2 29. Qxb2 Bg7 30. Qc2 Nd4 31. Nxd4 Qxd4 32. Ne2 Qe3 33. Qc1 Qd3 34.
Kf2 Rd8 35. Bf3 a5 36. e5 Bd5 37. Bxd5+ Qxd5 38. Re1 g5 39. Qc2 gxf4 40. gxf4
Rf8 41. Ke3 Qd7 42. Rh1 Bh6 43. Rg1+ Kh8 44. Rg4 Qd5 45. Qe4 Rd8 46. Rh4 Qxe4+
47. Kxe4 Bg7 48. Nd4 Ra8 49. Ne6 a4 50. b4 a3 51. Kd4 b6 52. Rg4 Bh6 53. Rh4
Bg7 54. Rg4 Bh6 55. Rh4 1/2-1/2

[Event "Bielefelder SK 1 - SK Königsspringer Is"]
[Site "NRW-Klasse, Gruppe 1 2013/201"]
[Date "2014.03.09"]
[Round "7.8"]
[White "Gruettemeier, Uwe"]
[Black "Lamek, Dirk"]
[Result "1/2-1/2"]
[WhiteElo "2060"]
[BlackElo "1908"]
[Annotator "Doe,John"]
[PlyCount "74"]
[EventDate "2014.??.??"]
[WhiteTeam "Bielefelder SK 1"]
[BlackTeam "SK Königsspringer Iserlohn 1"]

1. d4 Nf6 2. Nf3 d5 3. c4 e6 4. Bg5 Bb4+ 5. Nc3 c6 6. Qc2 Bxc3+ 7. bxc3 h6 8.
Bxf6 Qxf6 9. e3 Nd7 10. Bd3 O-O 11. O-O dxc4 12. Bxc4 e5 13. Rad1 exd4 14. cxd4
Nb6 15. Be2 Bg4 16. Ne5 Bxe2 17. Qxe2 Rad8 18. Qc2 Qe6 19. Rb1 Rd5 $11 20. Nd3
Qe4 21. Rfc1 Rg5 22. Nf4 Qxc2 23. Rxc2 Ra5 24. Nd3 Re8 25. Kf1 Ra3 26. Nc5 Re7
27. Rb3 Rxb3 28. Nxb3 Nd5 29. Na5 Rxe3 30. Nxb7 Rd3 31. Rxc6 Rxd4 32. Ra6 Rd1+
33. Ke2 Nc3+ 34. Ke3 Nd5+ 35. Ke2 Nc3+ 36. Ke3 Nd5+ 37. Ke4 Nc3+ 1/2-1/2

[Event "Oberhausener SV 1 - Südlohner SV 1"]
[Site "NRW-Klasse, Gruppe 1 2013/201"]
[Date "2014.04.06"]
[Round "8.1"]
[White "Kolakovic, Klaudio"]
[Black "Hort, Vlastimil"]
[Result "0-1"]
[WhiteElo "2001"]
[BlackElo "2399"]
[PlyCount "130"]
[EventDate "2014.??.??"]
[WhiteTeam "Südlohner SV 1"]
[BlackTeam "Oberhausener SV 1"]

1. Nf3 g6 2. g3 Bg7 3. Bg2 e5 4. d3 d5 5. c3 Ne7 6. O-O O-O 7. Nbd2 h6 8. Qc2
b6 9. a4 Bb7 10. Re1 g5 11. e4 Nbc6 12. b3 Qd7 13. Ba3 Rfe8 14. Rad1 Rad8 15.
Nf1 d4 16. c4 Ng6 17. h3 Bf8 18. Bc1 Bb4 19. Bd2 Bc8 20. N3h2 f6 21. Bxb4 Nxb4
22. Qe2 Kg7 23. Qh5 Rh8 24. Rd2 a5 25. Rc1 Na6 26. Qd1 Qe7 27. g4 Nf4 28. Ng3
Nc5 29. Nhf1 Qe8 30. Nh5+ Nxh5 31. gxh5 Be6 32. Ng3 Qd7 33. Kh2 Kh7 34. Rb1
Rhf8 35. Qe2 Kg7 36. Rdd1 Ra8 37. Re1 c6 38. Nf5+ Bxf5 39. exf5 Qxf5 40. Bxc6
Ra7 41. Red1 Qf4+ 42. Kg2 Na6 43. Re1 Re7 44. Qe4 Qxe4+ 45. dxe4 f5 46. f3 fxe4
47. Bxe4 Rf4 48. Bg6 Kf6 49. Re4 Nc5 50. b4 Nxe4 51. Bxe4 axb4 52. Rxb4 Re6 53.
a5 bxa5 54. Rb7 Rxe4 55. fxe4 Rc6 56. Rh7 Rxc4 57. Rxh6+ Kg7 58. Rg6+ Kh7 59.
Ra6 d3 60. Kf2 Rxe4 61. Rxa5 d2 62. Rd5 Rd4 63. Rxd4 exd4 64. Ke2 Kh6 65. Kxd2
Kxh5 0-1

[Event "Oberhausener SV 1 - Südlohner SV 1"]
[Site "NRW-Klasse, Gruppe 1 2013/201"]
[Date "2014.04.06"]
[Round "8.2"]
[White "Becker, Marcel"]
[Black "Darwisch, Khaled"]
[Result "1-0"]
[WhiteElo "2353"]
[BlackElo "1990"]
[PlyCount "63"]
[EventDate "2014.??.??"]
[WhiteTeam "Oberhausener SV 1"]
[BlackTeam "Südlohner SV 1"]

1. d4 d6 2. c4 g6 3. Nc3 Bg7 4. e4 Nc6 5. Be3 e5 6. d5 Nd4 7. Nge2 Nxe2 8. Bxe2
f5 9. exf5 Bxf5 10. c5 Nf6 11. Qa4+ Kf7 12. O-O a6 13. Qb3 Qe7 14. Qxb7 Rab8
15. Qxa6 Rxb2 16. Qa3 Rhb8 17. Rac1 Nd7 18. Bc4 R2b4 19. Bb3 Qh4 20. Qa5 Rg4
21. f3 Rgb4 22. c6 Nf6 23. Qxc7+ Kg8 24. g3 Qh3 25. Qxd6 Ne8 26. Qc5 e4 27. d6+
Rxb3 28. axb3 exf3 29. Rxf3 Bg4 30. Rf2 Rxb3 31. Qc4+ Be6 32. d7 1-0

[Event "Oberhausener SV 1 - Südlohner SV 1"]
[Site "NRW-Klasse, Gruppe 1 2013/201"]
[Date "2014.04.06"]
[Round "8.3"]
[White "Doennebrink, Elmar"]
[Black "Kaufeld, Juergen"]
[Result "1/2-1/2"]
[WhiteElo "2044"]
[BlackElo "2289"]
[PlyCount "98"]
[EventDate "2014.??.??"]
[WhiteTeam "Südlohner SV 1"]
[BlackTeam "Oberhausener SV 1"]

1. e4 c5 2. b3 b6 3. Bb2 Bb7 4. Nc3 e6 5. f4 a6 6. Qe2 Qc7 7. g3 d6 8. Nf3 Nc6
9. Bg2 Be7 10. O-O Nf6 11. e5 dxe5 12. fxe5 Nd7 13. Rae1 O-O-O 14. Ne4 Ndxe5
15. Bxe5 Nxe5 16. Nxe5 Qxe5 17. Rxf7 Rd7 18. Nf2 Qxe2 19. Bxb7+ Rxb7 20. Rxe2
Bg5 21. Rxb7 Kxb7 22. h4 Bh6 23. g4 Bf4 24. Rxe6 Bxd2 25. Re7+ Kc6 26. Rxg7 Kb5
27. Nd3 c4 28. bxc4+ Kxc4 29. Kg2 h6 30. Rg6 Kb5 31. Kf3 Rc8 32. Ne5 Rxc2 33.
Nd7 Rxa2 34. Rxb6+ Kc4 35. Ne5+ Kc5 36. Rg6 a5 37. g5 hxg5 38. h5 Ra3+ 39. Ke2
Bf4 40. Nd3+ Kd4 41. Nxf4 gxf4 42. h6 Ke4 43. Re6+ Kf5 44. Ra6 a4 45. Kf2 Rh3
46. Rxa4 Rxh6 47. Ra8 Rh2+ 48. Kf3 Rh3+ 49. Kf2 Rb3 1/2-1/2

[Event "Oberhausener SV 1 - Südlohner SV 1"]
[Site "NRW-Klasse, Gruppe 1 2013/201"]
[Date "2014.04.06"]
[Round "8.4"]
[White "Litwak, Aleksej"]
[Black "Hater, Wolfgang"]
[Result "1-0"]
[WhiteElo "2230"]
[BlackElo "2056"]
[PlyCount "105"]
[EventDate "2014.??.??"]
[WhiteTeam "Oberhausener SV 1"]
[BlackTeam "Südlohner SV 1"]

1. e4 e5 2. Nf3 Nc6 3. Bb5 Nge7 4. c3 d6 5. d4 Bd7 6. O-O Ng6 7. d5 Nb8 8.
Bxd7+ Nxd7 9. c4 Be7 10. Nc3 O-O 11. g3 Nb6 12. Qe2 Qc8 13. Be3 f5 14. exf5
Qxf5 15. Nd2 c6 16. Nde4 cxd5 17. cxd5 Nd7 18. Rac1 a6 19. a4 Qh3 20. f3 Rfc8
21. Nb1 Nf6 22. Nxf6+ Bxf6 23. Nd2 Ne7 24. Qd3 b5 25. axb5 axb5 26. Ne4 Qd7 27.
Qb3 Kh8 28. Kg2 Nf5 29. Bf2 h6 30. Rxc8+ Rxc8 31. Ra1 Qc7 32. Qxb5 Qc2 33. Ra7
Be7 34. Qd7 Rf8 35. Qe6 Qe2 36. Ra3 Qxb2 37. Rc3 Bg5 38. Rc8 Bd8 39. Rxd8 Ne3+
40. Kh3 Rxd8 41. Bxe3 Qe2 42. Nxd6 Rf8 43. Qxe5 Qf1+ 44. Kh4 Rf6 45. Bf4 Qg2
46. h3 Kh7 47. Qe4+ Kg8 48. Qe8+ Kh7 49. Qe4+ Kg8 50. Nf5 Rxf5 51. Qxf5 Qxf3
52. Qg4 Qxd5 53. Bxh6 1-0

[Event "Oberhausener SV 1 - Südlohner SV 1"]
[Site "NRW-Klasse, Gruppe 1 2013/201"]
[Date "2014.04.06"]
[Round "8.5"]
[White "Boecker, Manfred"]
[Black "Ciornei, Dragos"]
[Result "1/2-1/2"]
[WhiteElo "1870"]
[BlackElo "2096"]
[PlyCount "36"]
[EventDate "2014.??.??"]
[WhiteTeam "Südlohner SV 1"]
[BlackTeam "Oberhausener SV 1"]

1. d4 Nf6 2. Bf4 g6 3. e3 Bg7 4. Be2 d6 5. Nd2 Nbd7 6. Ngf3 O-O 7. h3 c5 8. c3
b6 9. O-O Bb7 10. Bg3 a6 11. Nh2 Ra7 12. Bf3 Qa8 13. Bxb7 Qxb7 14. Bh4 Re8 15.
Ng4 h5 16. Nxf6+ Nxf6 17. Bg5 Ne4 18. Bf4 Nxd2 1/2-1/2

[Event "Oberhausener SV 1 - Südlohner SV 1"]
[Site "NRW-Klasse, Gruppe 1 2013/201"]
[Date "2014.04.06"]
[Round "8.6"]
[White "Nissen, Claus"]
[Black "Teloeken, Andreas"]
[Result "0-1"]
[WhiteElo "2136"]
[BlackElo "1971"]
[PlyCount "90"]
[EventDate "2014.??.??"]
[WhiteTeam "Oberhausener SV 1"]
[BlackTeam "Südlohner SV 1"]

1. Nf3 Nf6 2. c4 e6 3. g3 d5 4. Bg2 c5 5. O-O Nc6 6. cxd5 Nxd5 7. d4 cxd4 8.
Nxd4 Qb6 9. Nxc6 bxc6 10. e4 Nf6 11. Nc3 Ba6 12. Be3 Qa5 13. Re1 Bb4 14. a3
Bxc3 15. bxc3 O-O 16. Qd4 Ng4 17. Qc5 Qc7 18. Bd4 e5 19. Bh3 exd4 20. Bxg4 d3
21. Rab1 Rfe8 22. Bf3 Re5 23. Qb4 Rd8 24. Red1 Rb5 25. Qa4 Qb6 26. Rxb5 Bxb5
27. Qb3 Qa6 28. Rd2 h6 29. Bd1 c5 30. a4 Bc4 31. Qb1 Qc6 32. f3 f5 33. exf5 Qe8
34. Bb3 Qe3+ 35. Rf2 Bxb3 36. Qxb3+ Kh8 37. Qd1 c4 38. Kf1 d2 39. f6 gxf6 40.
f4 Qxc3 41. Kg2 Qe3 42. Rf1 f5 43. Rf3 Qe4 44. Kh3 Qxf3 45. Qxf3 d1=Q 0-1

[Event "Oberhausener SV 1 - Südlohner SV 1"]
[Site "NRW-Klasse, Gruppe 1 2013/201"]
[Date "2014.04.06"]
[Round "8.7"]
[White "Kempe, Frank"]
[Black "Soehnchen, Andreas"]
[Result "0-1"]
[WhiteElo "1964"]
[BlackElo "2141"]
[PlyCount "50"]
[EventDate "2014.??.??"]
[WhiteTeam "Südlohner SV 1"]
[BlackTeam "Oberhausener SV 1"]

1. d4 Nf6 2. Nf3 d5 3. e3 Bg4 4. c4 c6 5. Qb3 Qb6 6. Ne5 Bf5 7. Nc3 e6 8. c5
Qc7 9. Be2 h6 10. O-O Nbd7 11. f4 Be7 12. Qa4 O-O 13. b4 Nxe5 14. dxe5 Nd7 15.
e4 dxe4 16. Be3 a5 17. Rfc1 Rfb8 18. g4 Bg6 19. Qc2 axb4 20. Nxe4 Ra3 21. Bd4
Rba8 22. f5 exf5 23. gxf5 Bxf5 24. Nf6+ Bxf6 25. Qxf5 Nxe5 0-1

[Event "Oberhausener SV 1 - Südlohner SV 1"]
[Site "NRW-Klasse, Gruppe 1 2013/201"]
[Date "2014.04.06"]
[Round "8.8"]
[White "Voge, Andreas"]
[Black "Richters, Alfred"]
[Result "1/2-1/2"]
[WhiteElo "2078"]
[BlackElo "1913"]
[PlyCount "32"]
[EventDate "2014.??.??"]
[WhiteTeam "Oberhausener SV 1"]
[BlackTeam "Südlohner SV 1"]

1. e4 e6 2. d3 d5 3. Nd2 Nf6 4. Ngf3 Bc5 5. e5 Nfd7 6. Nb3 Bb6 7. Bf4 f6 8. d4
O-O 9. Bd3 fxe5 10. Bxe5 Nxe5 11. Nxe5 Qh4 12. g3 Qf6 13. f4 Nd7 14. Qh5 g6 15.
Qg4 a5 16. c3 a4 1/2-1/2

[Event "SG Niederkassel 1 - PSV Duisburg 1"]
[Site "NRW-Klasse, Gruppe 1 2013/201"]
[Date "2014.04.06"]
[Round "8.2"]
[White "Riedel, Holger"]
[Black "Schiffer, Kai-Uwe"]
[Result "0-1"]
[WhiteElo "2192"]
[BlackElo "2219"]
[PlyCount "68"]
[EventDate "2014.??.??"]
[WhiteTeam "SG Niederkassel 1"]
[BlackTeam "PSV Duisburg 1"]

1. Nf3 d5 2. d4 e6 3. c4 c5 4. cxd5 exd5 5. g3 Nf6 6. Bg2 Be7 7. O-O O-O 8.
dxc5 Bxc5 9. Nbd2 Re8 10. Nb3 Bb6 11. Nfd4 Nc6 12. Be3 Ne5 13. Qc2 Nc4 14. Bg5
Be6 15. Rac1 Rc8 16. Rfd1 h6 17. Bxf6 Qxf6 18. Qb1 Rcd8 19. e3 Bg4 20. Re1 Ne5
21. Nc5 Bf3 22. Nxf3 Nxf3+ 23. Bxf3 Qxf3 24. Rc3 Ba5 25. b4 d4 26. Rd3 dxe3 27.
Rexe3 Rxe3 28. fxe3 Rxd3 29. Qxd3 Bxb4 30. Qd8+ Kh7 31. Qd3+ g6 32. Ne4 Ba5 33.
Qd4 Bb6 34. Nc5 Qf5 0-1

[Event "SG Niederkassel 1 - PSV Duisburg 1"]
[Site "NRW-Klasse, Gruppe 1 2013/201"]
[Date "2014.04.06"]
[Round "8.3"]
[White "Schmitz, Joachim"]
[Black "Mende, Andreas"]
[Result "1/2-1/2"]
[WhiteElo "2232"]
[BlackElo "2135"]
[PlyCount "61"]
[EventDate "2014.??.??"]
[WhiteTeam "PSV Duisburg 1"]
[BlackTeam "SG Niederkassel 1"]

1. Nf3 Nf6 2. c4 g6 3. g3 d5 4. cxd5 Nxd5 5. d4 Bg7 6. Bg2 Nb6 7. Nc3 Nc6 8. e3
O-O 9. O-O Re8 10. h3 a5 11. d5 Ne5 12. Nd4 a4 13. Qe2 Bd7 14. e4 Qc8 15. Kh2
Ng4+ 16. hxg4 Bxd4 17. Qd3 Bg7 18. g5 e6 19. Be3 exd5 20. Bxb6 Bxc3 21. Qxc3
cxb6 22. exd5 Qxc3 23. bxc3 Rac8 24. Rfe1 Rxc3 25. Rxe8+ Bxe8 26. Rd1 Rc2 27.
d6 Bd7 28. Bh3 Bxh3 29. Kxh3 Rc8 30. Rb1 Rc6 31. Rd1 1/2-1/2

[Event "SG Niederkassel 1 - PSV Duisburg 1"]
[Site "NRW-Klasse, Gruppe 1 2013/201"]
[Date "2014.04.06"]
[Round "8.4"]
[White "Rybarczyk, Klaus"]
[Black "Wengenroth, Walter"]
[Result "0-1"]
[WhiteElo "2129"]
[BlackElo "2207"]
[PlyCount "48"]
[EventDate "2014.??.??"]
[WhiteTeam "SG Niederkassel 1"]
[BlackTeam "PSV Duisburg 1"]

1. Nf3 d5 2. d4 Nf6 3. c4 e6 4. g3 Be7 5. Bg2 O-O 6. O-O dxc4 7. Ne5 Nc6 8.
Bxc6 bxc6 9. Nxc6 Qe8 10. Nxe7+ Qxe7 11. Qa4 c5 12. Qxc4 cxd4 13. Qxd4 e5 14.
Qh4 Rb8 15. b3 Rd8 16. Bb2 h6 17. Rc1 Bb7 18. Na3 Rd2 19. Nc4 Rxe2 20. Re1 Qc5
21. Rxe2 Qd5 22. Re4 Nxe4 23. f3 Qc5+ 24. Kh1 Ng5 0-1

[Event "SG Niederkassel 1 - PSV Duisburg 1"]
[Site "NRW-Klasse, Gruppe 1 2013/201"]
[Date "2014.04.06"]
[Round "8.6"]
[White "Bussard, Christian"]
[Black "Heisel, Guido"]
[Result "1-0"]
[WhiteElo "2126"]
[BlackElo "2094"]
[PlyCount "93"]
[EventDate "2014.??.??"]
[WhiteTeam "SG Niederkassel 1"]
[BlackTeam "PSV Duisburg 1"]

1. Nf3 d5 2. d4 Nc6 3. e3 Bf5 4. Bd3 Bg6 5. c3 Qd6 6. Na3 a6 7. b4 Bxd3 8. Qxd3
e5 9. dxe5 Nxe5 10. Nxe5 Qxe5 11. O-O Nf6 12. f4 Qe4 13. Rd1 c6 14. Bb2 Be7 15.
c4 O-O 16. Qxe4 dxe4 17. Nc2 Rfd8 18. Bd4 b5 19. c5 Nd5 20. g4 a5 21. a3 a4 22.
g5 f6 23. h4 Kf7 24. Kf2 Rd7 25. Rg1 Rad8 26. Rg2 h6 27. gxh6 gxh6 28. Rag1 Bf8
29. Rg6 Re8 30. Ke2 Re6 31. f5 Re8 32. h5 Red8 33. R1g4 Re7 34. Bb2 Rc8 35. Rg1
Rd7 36. Nd4 Ne7 37. Ne6 Nxg6 38. hxg6+ Kg8 39. Bxf6 Re8 40. Rg4 Rd3 41. Rxe4
Rxa3 42. Bd4 Be7 43. Nc7 Rf8 44. Rxe7 Rxf5 45. Rh7 Kf8 46. Ne6+ Ke8 47. Ng7+
1-0

[Event "SG Niederkassel 1 - PSV Duisburg 1"]
[Site "NRW-Klasse, Gruppe 1 2013/201"]
[Date "2014.04.06"]
[Round "8.7"]
[White "Kleff, Andre"]
[Black "Schracke, Guido"]
[Result "1/2-1/2"]
[WhiteElo "2108"]
[BlackElo "2067"]
[PlyCount "31"]
[EventDate "2014.??.??"]
[WhiteTeam "PSV Duisburg 1"]
[BlackTeam "SG Niederkassel 1"]

1. d4 Nf6 2. Nf3 d6 3. e3 Nbd7 4. c4 e5 5. Nc3 c6 6. Be2 Be7 7. O-O O-O 8. b3
Re8 9. Qc2 Bf8 10. Ba3 Qa5 11. Qb2 e4 12. b4 Qf5 13. Nd2 a6 14. Qc2 d5 15. f4
Bd6 16. Qb3 1/2-1/2

[Event "SG Niederkassel 1 - PSV Duisburg 1"]
[Site "NRW-Klasse, Gruppe 1 2013/201"]
[Date "2014.04.06"]
[Round "8.8"]
[White "Guelsen, Taylan"]
[Black "Sponheim, Marko"]
[Result "1/2-1/2"]
[WhiteElo "2021"]
[BlackElo "2055"]
[PlyCount "68"]
[EventDate "2014.??.??"]
[WhiteTeam "SG Niederkassel 1"]
[BlackTeam "PSV Duisburg 1"]

1. Nf3 c5 2. c4 Nf6 3. b3 d6 4. g3 Nc6 5. Bb2 e5 6. d3 g6 7. Bg2 Bg7 8. O-O O-O
9. e3 Re8 10. d4 exd4 11. exd4 Ne4 12. Nbd2 Bg4 13. Re1 Nxd2 14. Qxd2 Bxf3 15.
Bxf3 Nxd4 16. Bxb7 Rb8 17. Rxe8+ Qxe8 18. Re1 Qd7 19. Bd5 Re8 20. Rxe8+ Qxe8
21. Bxd4 Bxd4 22. b4 Qe5 23. b5 h5 24. Kg2 Kg7 25. a4 Bc3 26. Qd1 Bb4 27. Qf3
Qf6 28. Qd1 Qe5 29. Qf3 Qf6 30. h3 Qxf3+ 31. Kxf3 Ba5 32. g4 hxg4+ 33. hxg4 f5
34. Kg3 Bd8 1/2-1/2

[Event "SF Katernberg 2 - Bielefelder SK 1"]
[Site "NRW-Klasse, Gruppe 1 2013/201"]
[Date "2014.04.06"]
[Round "8.1"]
[White "Malcher, Werner"]
[Black "Hoolt, Sarah"]
[Result "0-1"]
[WhiteElo "2322"]
[BlackElo "2296"]
[PlyCount "80"]
[EventDate "2014.??.??"]
[WhiteTeam "Bielefelder SK 1"]
[BlackTeam "SF Katernberg 2"]

1. d4 Nf6 2. c4 e6 3. Nf3 c5 4. d5 b5 5. Bg5 b4 6. dxe6 fxe6 7. e3 Be7 8. Bd3
Bb7 9. Qc2 d6 10. Nbd2 Nbd7 11. O-O Qc7 12. Rfe1 Qc6 13. Bf1 O-O 14. e4 Rae8
15. a3 a5 16. axb4 axb4 17. Bh4 Ng4 18. Bg3 Bf6 19. Nb3 Nge5 20. Nxe5 Bxe5 21.
Na5 Qc7 22. Nxb7 Qxb7 23. Rad1 Qb6 24. Bxe5 Nxe5 25. Qd2 Rd8 26. Re3 Qb7 27.
Be2 Rf4 28. g3 Rxe4 29. b3 Rd4 30. Qc1 Qf7 31. Rxd4 cxd4 32. Re4 d3 33. Bd1 Qa7
34. Bh5 Ra8 35. c5 Rc8 36. Qg5 Qxc5 37. Qe7 Qd5 38. Rc4 Nxc4 39. Bf7+ Kh8 40.
Bxe6 d2 0-1

[Event "SF Katernberg 2 - Bielefelder SK 1"]
[Site "NRW-Klasse, Gruppe 1 2013/201"]
[Date "2014.04.06"]
[Round "8.2"]
[White "Rosen, Bernd"]
[Black "Forchert, Martin"]
[Result "1-0"]
[WhiteElo "2247"]
[BlackElo "2267"]
[PlyCount "59"]
[EventDate "2014.??.??"]
[WhiteTeam "SF Katernberg 2"]
[BlackTeam "Bielefelder SK 1"]

1. c4 c6 2. e4 d5 3. exd5 cxd5 4. cxd5 Nf6 5. Bb5+ Nbd7 6. Nc3 g6 7. d4 Bg7 8.
d6 exd6 9. Qe2+ Qe7 10. Bf4 Qxe2+ 11. Bxe2 Ke7 12. Bf3 Nb6 13. Nge2 Rd8 14. O-O
Rb8 15. Rfe1 Be6 16. Rad1 Kf8 17. Nb5 Nc8 18. Nec3 Rd7 19. h3 a6 20. Na3 Rc7
21. Rc1 b5 22. Nc2 b4 23. Na4 b3 24. axb3 Rxb3 25. Nc5 Rxb2 26. Rxe6 dxc5 27.
Rxf6 Bxf6 28. Bxc7 cxd4 29. Bf4 g5 30. Nxd4 1-0

[Event "SF Katernberg 2 - Bielefelder SK 1"]
[Site "NRW-Klasse, Gruppe 1 2013/201"]
[Date "2014.04.06"]
[Round "8.3"]
[White "Simon, Hans Christian"]
[Black "Villwock, Martin"]
[Result "1/2-1/2"]
[WhiteElo "2143"]
[BlackElo "2183"]
[PlyCount "101"]
[EventDate "2014.??.??"]
[WhiteTeam "Bielefelder SK 1"]
[BlackTeam "SF Katernberg 2"]

1. Nf3 c5 2. c4 Nc6 3. Nc3 e5 4. e3 Nf6 5. a3 d5 6. cxd5 Nxd5 7. Qc2 Be7 8. Bb5
f6 9. O-O Be6 10. d4 O-O 11. dxe5 Qe8 12. Nxd5 Bxd5 13. Bc4 Qf7 14. Bxd5 Qxd5
15. e4 Qe6 16. exf6 Bxf6 17. Qxc5 Qxe4 18. Ng5 Qg6 19. Be3 Rae8 20. Qd5+ Kh8
21. Ne6 Qf7 22. Nf4 Bxb2 23. Ra2 Be5 24. Qxf7 Rxf7 25. Nd3 Bxh2+ 26. Kxh2 Rxe3
27. Nb4 Rc3 28. Nxc6 bxc6 29. Rd1 h6 30. Rd8+ Kh7 31. Rc8 Rf5 32. f3 a5 33. a4
Rfc5 34. Rc7 Rc2 35. Rxc2 Rxc2 36. Ra7 Rc5 37. Kg3 Kg6 38. Kf4 Rc4+ 39. Ke5
Rxa4 40. Ra6 Rc4 41. Rxa5 h5 42. g3 h4 43. gxh4 Rxh4 44. Ra7 Rc4 45. Rc7 Kh6
46. f4 g6 47. Rf7 Kh5 48. Rh7+ Kg4 49. Rg7 Rxf4 50. Rxg6+ Kf3 51. Rxc6 1/2-1/2

[Event "SF Katernberg 2 - Bielefelder SK 1"]
[Site "NRW-Klasse, Gruppe 1 2013/201"]
[Date "2014.04.06"]
[Round "8.4"]
[White "Valkyser, Martin"]
[Black "Goeßling, Guido"]
[Result "1/2-1/2"]
[WhiteElo "2181"]
[BlackElo "2146"]
[PlyCount "132"]
[EventDate "2014.??.??"]
[WhiteTeam "SF Katernberg 2"]
[BlackTeam "Bielefelder SK 1"]

1. d4 d5 2. c4 c6 3. Nf3 Nf6 4. e3 Bf5 5. Bd3 Bxd3 6. Qxd3 e6 7. O-O Nbd7 8.
Nbd2 Be7 9. b3 O-O 10. Bb2 a5 11. Rfd1 a4 12. Rab1 axb3 13. axb3 Qb6 14. e4
dxe4 15. Nxe4 Nxe4 16. Qxe4 Qxb3 17. d5 cxd5 18. cxd5 Ra4 19. Qe2 Ra2 20. dxe6
Nc5 21. exf7+ Qxf7 22. Qb5 Ne6 23. Qb3 Nc5 24. Qxf7+ Rxf7 25. Bd4 Ne6 26. Be3
Bf8 27. Rb5 h6 28. h4 Rc7 29. Rdb1 Nd8 30. Ne5 Bd6 31. Rd1 Be7 32. Bb6 Rc8 33.
h5 Bf6 34. Bxd8 Rxd8 35. Rxd8+ Bxd8 36. Rxb7 Ra8 37. f4 Bf6 38. Ng6 Ra5 39. g4
Ra8 40. Kg2 Kh7 41. Kf3 Re8 42. Rb5 Ba1 43. Rd5 Bb2 44. Ne5 Kg8 45. Ke4 Ba1 46.
Rc5 Bb2 47. Rc4 Ra8 48. Rc6 Ba1 49. Rc7 Bb2 50. Ng6 Ba1 51. Kf5 Re8 52. g5 hxg5
53. fxg5 Ra8 54. h6 Bb2 55. Nf4 Ra5+ 56. Kg6 Ra6+ 57. Kh5 gxh6 58. gxh6 Ra5+
59. Kg6 Ra6+ 60. Kg5 Ra5+ 61. Kg4 Ra4 62. Re7 Bc1 63. h7+ Kh8 64. Rf7 Rxf4+ 65.
Rxf4 Bxf4 66. Kxf4 Kxh7 1/2-1/2

[Event "SF Katernberg 2 - Bielefelder SK 1"]
[Site "NRW-Klasse, Gruppe 1 2013/201"]
[Date "2014.04.06"]
[Round "8.5"]
[White "Gruen, Gerd-Peter"]
[Black "Rosen, Willy"]
[Result "1-0"]
[WhiteElo "2268"]
[BlackElo "2175"]
[PlyCount "101"]
[EventDate "2014.??.??"]
[WhiteTeam "Bielefelder SK 1"]
[BlackTeam "SF Katernberg 2"]

1. d4 Nf6 2. Nf3 e6 3. c4 b6 4. g3 Bb7 5. Bg2 Be7 6. Nc3 Ne4 7. Bd2 f5 8. O-O
O-O 9. d5 Bf6 10. Rc1 c5 11. a3 Bxc3 12. Bxc3 exd5 13. cxd5 d6 14. Nd2 Qe7 15.
Nxe4 fxe4 16. f3 Nd7 17. fxe4 Rxf1+ 18. Qxf1 Rf8 19. Qd1 Ne5 20. Qd2 Bc8 21.
Rf1 Rxf1+ 22. Bxf1 Bd7 23. Bg2 g5 24. h3 Be8 25. Kh2 Bg6 26. b4 h6 27. bxc5
bxc5 28. Qb2 Nf7 29. Qb8+ Kh7 30. e5 dxe5 31. a4 h5 32. a5 h4 33. Be1 Nd6 34.
a6 Kg7 35. Qb3 Be4 36. Bxe4 Nxe4 37. gxh4 Qf6 38. Qf3 Qf4+ 39. Qxf4 gxf4 40.
Kg2 Kg6 41. Kf3 Nf6 42. Bf2 c4 43. Bxa7 Kf5 44. Bc5 e4+ 45. Kg2 Nxd5 46. a7 Nc7
47. Bb4 Na8 48. Ba5 Kg6 49. Bd2 Kf5 50. h5 e3 51. Ba5 1-0

[Event "SF Katernberg 2 - Bielefelder SK 1"]
[Site "NRW-Klasse, Gruppe 1 2013/201"]
[Date "2014.04.06"]
[Round "8.6"]
[White "Wessendorf, Thomas"]
[Black "Forchert, Niko"]
[Result "0-1"]
[WhiteElo "2181"]
[BlackElo "2119"]
[Annotator "Doe,John"]
[PlyCount "156"]
[EventDate "2014.??.??"]
[WhiteTeam "SF Katernberg 2"]
[BlackTeam "Bielefelder SK 1"]

1. e4 d5 2. exd5 Qxd5 3. Nc3 Qd6 4. d4 Nf6 5. Nf3 c6 6. Ne5 Bf5 7. Bc4 e6 8.
O-O Nbd7 9. Bf4 Nxe5 10. Bxe5 Qb4 11. Bd3 Bxd3 12. Qxd3 Be7 13. Bc7 Bd8 14. a3
Qe7 15. Be5 O-O 16. Qg3 Ne8 17. Rfe1 Qg5 18. Qh3 Qh4 19. Qf3 Bc7 20. Re4 Qd8
21. Qg3 f6 22. Bxc7 Nxc7 23. Rg4 Rf7 24. Qd3 Nd5 25. Ne2 f5 26. Rg3 Qd6 27. Qd2
Nf6 28. Rd3 e5 $11 29. dxe5 Qxe5 30. Nd4 Re8 31. c3 Rfe7 32. Nf3 Qe2 33. h3 g6
34. Rd1 Qxd2 35. R3xd2 Ne4 36. Rd7 Nc5 37. Rxe7 Rxe7 38. Rd8+ Kg7 39. Nd4 Na4
40. b4 Nxc3 41. f3 Kf6 42. Kf2 Nd1+ 43. Kg3 Ne3 44. f4 Nd5 45. Rd6+ Kg7 46.
Ne6+ Kf7 47. Ng5+ Ke8 48. b5 Nc3 49. bxc6 bxc6 50. Rxc6 Ne2+ 51. Kf2 Nxf4 52.
Ra6 h6 53. Nf3 Kf7 54. Nd4 Nd3+ 55. Kf3 f4 56. Kg4 Ne1 57. Nc6 Re4 58. Rxa7+
Kf6 59. Re7 Rxe7 60. Nxe7 Kxe7 61. Kxf4 Nxg2+ 62. Ke5 g5 63. Kf5 Kf7 64. a4
Ne3+ 65. Ke4 Nc4 66. Kf5 Na5 67. h4 gxh4 68. Kg4 Kg6 69. Kxh4 h5 70. Kg3 Kg5
71. Kh3 h4 72. Kh2 Kg4 73. Kg2 h3+ 74. Kh2 Kh4 75. Kg1 Kg3 76. Kh1 Nb3 77. a5
h2 78. a6 Nd2 0-1

[Event "SF Katernberg 2 - Bielefelder SK 1"]
[Site "NRW-Klasse, Gruppe 1 2013/201"]
[Date "2014.04.06"]
[Round "8.7"]
[White "Danielmeier, Ralf"]
[Black "Gassmann, Volker"]
[Result "1-0"]
[WhiteElo "2023"]
[BlackElo "2140"]
[PlyCount "63"]
[EventDate "2014.??.??"]
[WhiteTeam "Bielefelder SK 1"]
[BlackTeam "SF Katernberg 2"]

1. e4 c6 2. d4 d5 3. f3 dxe4 4. fxe4 e5 5. Nf3 Bg4 6. Bc4 Nd7 7. O-O Ngf6 8. c3
Bd6 9. Be3 O-O 10. Nbd2 Qc7 11. Qe1 Rae8 12. Qh4 exd4 13. cxd4 Bf4 14. Rae1
Bxe3+ 15. Rxe3 c5 16. Ng5 cxd4 17. Rg3 Bh5 18. Nxh7 Kxh7 19. Qg5 g6 20. Rxf6
Nxf6 21. Qxf6 Qe7 22. Qxd4 Rd8 23. Bd5 Qc7 24. Rh3 Qc1+ 25. Nf1 f5 26. e5 Qc6
27. Ne3 f4 28. Rxh5+ gxh5 29. Qe4+ Kg7 30. Bxc6 fxe3 31. Ba4 Rc8 32. Qxe3 1-0